The Houdini box / (Record no. 4736)

MARC details
000 -LEADER
fixed length control field 01166cam a2200349 a 4500
001 - CONTROL NUMBER
control field 4736
003 - CONTROL NUMBER IDENTIFIER
control field FISKH
005 - DATE AND TIME OF LATEST TRANSACTION
control field 20250827141939.0
008 - FIXED-LENGTH DATA ELEMENTS--GENERAL INFORMATION
fixed length control field 080718r20082001nyuac j b 000 1 eng
010 ## - LIBRARY OF CONGRESS CONTROL NUMBER
LC control number 2008024693
020 ## - INTERNATIONAL STANDARD BOOK NUMBER
International Standard Book Number 9781416968788
020 ## - INTERNATIONAL STANDARD BOOK NUMBER
International Standard Book Number 1416968784
020 ## - INTERNATIONAL STANDARD BOOK NUMBER
International Standard Book Number 9780545334112
040 ## - CATALOGING SOURCE
Original cataloging agency DLC
Transcribing agency DLC
Modifying agency DLC
Language of cataloging eng
050 ## - LIBRARY OF CONGRESS CALL NUMBER
Classification number PZ7.S4654
082 ## - DEWEY DECIMAL CLASSIFICATION NUMBER
Classification number 360
100 1# - MAIN ENTRY--PERSONAL NAME
Personal name Selznick, Brian.
245 14 - TITLE STATEMENT
Title The Houdini box /
Statement of responsibility, etc. written and illustrated by Brian Selznick.
260 ## - PUBLICATION, DISTRIBUTION, ETC.
Place of publication, distribution, etc. New York :
Name of publisher, distributor, etc. Scholastic,
Date of publication, distribution, etc. 1991
300 ## - PHYSICAL DESCRIPTION
Extent 52 unnumbered pages :
Other physical details illustrations ;
Dimensions 25 cm
504 ## - BIBLIOGRAPHY, ETC. NOTE
Bibliography, etc. note Includes bibliographical references.
505 ## - FORMATTED CONTENTS NOTE
Formatted contents note R<br/>
520 ## - SUMMARY, ETC.
Summary, etc. A chance encounter with Harry Houdini leaves a small boy in possession of a mysterious box--one that might hold the secrets to the greatest magic tricks ever performed.
521 8# - TARGET AUDIENCE NOTE
Target audience note 780<br/>
Source Lexile<br/>
521 8# - TARGET AUDIENCE NOTE
Target audience note R<br/>
Source Raz-Plus<br/>
600 10 - SUBJECT ADDED ENTRY--PERSONAL NAME
Personal name Houdini, Harry,
Dates associated with a name 1874-1926
Form subdivision Juvenile fiction.
600 11 - SUBJECT ADDED ENTRY--PERSONAL NAME
Personal name Houdini, Harry,
Dates associated with a name 1874-1926
Form subdivision Fiction.
650 #1 - SUBJECT ADDED ENTRY--TOPICAL TERM
Topical term or geographic name entry element Magicians
Form subdivision Fiction.
906 ## - LOCAL DATA ELEMENT F, LDF (RLIN)
a 7
b cbc
c orignew
d 1
e ecip
f 20
g y-gencatlg
942 ## - ADDED ENTRY ELEMENTS (KOHA)
Source of classification or shelving scheme Dewey Decimal Classification
Koha item type Books
Suppress in OPAC No
Holdings
Withdrawn status Lost status Source of classification or shelving scheme Damaged status Not for loan Collection Home library Current library Shelving location Date acquired Total Checkouts Full call number Barcode Date last seen Price effective from Koha item type Copy number
    Dewey Decimal Classification     Juvenile Fiction Footprints International School Library Network Toul Kork Campus Footprints International School Library Network Toul Kork Campus TK Primary Library Room(4th Floor), Bookcase 5&6, Shelves 33-56, Orange Books 09/26/2024   SEL 360 PZ7.S4654 FISTK04840 09/26/2024 09/26/2024 Books  
    Dewey Decimal Classification     Juvenile Fiction Footprints International School Library Network Toul Kork Campus Footprints International School Library Network Toul Kork Campus TK Primary Library Room(4th Floor), Bookcase 5&6, Shelves 33-56, Orange Books 10/22/2024   SEL 360 PZ7.S4654 2024-2190 10/22/2024 10/22/2024 Books 2
    Dewey Decimal Classification     Juvenile Fiction Footprints International School Library Network Toul Tom Poung Campus Footprints International School Library Network Toul Tom Poung Campus TTP Primary Orange Bookshelves 08/27/2025   SEL 360 PZ7.S4654 FISSE01293 08/27/2025 08/27/2025 Books 3